000 01776cam a22004454i 4500
003 PE-LiUPU
005 20250731173437.0
008 150616s r 000 0 d
035 _a(Sirsi) a5568
040 _aPE-LiUPU
_bspa
_cPE-LiUPU
_erda
049 _aPRUA
082 0 4 _a248.894
_bM12
_221
100 1 _aMcClendon, James W.,
_eautor.
245 1 0 _aTeólogos Destacados del Siglo XX.
264 1 _aBuenos Aires :
_bCasa Bautista de Publicaciones,
_c1972.
300 _a75 páginas ;
_c19 cm.
336 _atext
_2rdacontent
337 _aunmediated
_2rdamedia
338 _avolume
_2rdacarrier
505 0 _aKarl Barth: Teólogo de la Nueva Reforma.- Reinhold Niebuhr: Profeta Norteamericano.- William Temple: Filósofo y Cristiano.- E.J. Carnell: Fundamentalista con una diferencia.- Emil Brunner: Teólogo de los Estudiantes.- Paul Tillich: Teólogo de Frontera Rudolf Bultmann: Mito en el Nuevo Testamento.- W.T Conner: ¿Qué Significa la Biblia?.- Austin Farrer: Discutiendo Acerca de Dios.
526 _aSEG42
526 _aSEG41
526 _aSEG40
526 _aSEG39
526 _aP94
526 _aP87
526 _aP86
526 _aP85
526 _aP77
526 _aP76
526 _aP35
650 0 4 _aTEOLOGOS DESTACADOS - SIGLO XX.
910 _ajck
_bjvq
_cjck
942 _2ddc
_cBOOK
949 _a248.894 M12
_wDEWEY
_c1
_i39491
_lCCODEBUL1
_mBUL
_p00.00
_r0
_sY
_tBOOK
_u19950917
_xTEOLOGIA
_zUNKNOWN
_0COMPRA
_o.STAFF. Colección General
994 _aC0
_bPEPRU
596 _a1
999 _a248.894 M12
_wDEWEY
_c56610
_i39491
_d56610
_f2021-11-12
_g5
_lCCODEBUL1
_mBUL
_q1
_r0
_sY
_tBOOK
_u2015-6-16
_xTEOLOGIA
_zUNKNOWN
_0COMPRA
_o.STAFF. Colección General
980 _81
_gALBERTO SANCHEZ Responsable de Automatización